[Event "Roncana op-A 13th"]
[Site "Santa Eulalia de Roncana"]
[Date "2019.11.16"]
[Round "7"]
[White "Filipenko, Yan"]
[Black "Alonso Gomez, Raul"]
[Result "1-0"]
[WhiteElo "1412"]
[BlackElo "1858"]
[PlyCount "85"]
[EventDate "2019.09.28"]
[EventType "swiss"]
[EventRounds "8"]
[EventCountry "ESP"]
[SourceTitle "CBM 193 Extra"]
[Source "ChessBase"]
[SourceDate "2020.01.31"]
[SourceVersion "1"]
[SourceVersionDate "2020.01.31"]
[SourceQuality "1"]

1. e4 c5 2. Nf3 a6 3. d4 cxd4 4. Nxd4 d6 5. Nc3 Nf6 6. Bc4 Qc7 7. Bb3 g6 8. 0-0 Bg7 9. f4 0-0 10. Kh1 Nbd7 11. Nf3 Nc5 12. e5 dxe5 13. fxe5 Ng4 14. Nd5 Qd8 15. Bg5 Ne4 16. Nxe7+ Qxe7 17. Bxe7 Nef2+ 18. Kg1 Nxd1 19. Bxf8 Bxf8 20. Rfxd1 Bc5+ 21. Nd4 Nxe5 22. c3 Kg7 23. Kf1 Ng4 24. Kg1 b5 25. Bd5 Ra7 26. Bf3 Ne3 27. Rd3 Nc4 28. b3 Ne5 29. Re3 f6 30. b4 Bb6 31. Kf1 Rc7 32. a4 Kh6 33. axb5 Nc4 34. Re2 Bxd4 35. cxd4 axb5 36. g4 f5 37. h3 Kg5 38. gxf5 Rf7 39. Kg2 Bxf5 40. Bd5 Rc7 41. Kg3 Nb6 42. h4+ Kf6 43. Ra6 1-0

[Event "Roncana op-A 13th"]
[Site "Santa Eulalia de Roncana"]
[Date "2019.10.19"]
[Round "4"]
[White "Alonso Gomez, Raul"]
[Black "Rojano Alfonso, Carlos"]
[Result "0-1"]
[WhiteElo "1858"]
[BlackElo "2210"]
[PlyCount "70"]
[EventDate "2019.09.28"]
[EventType "swiss"]
[EventRounds "8"]
[EventCountry "ESP"]
[SourceTitle "CBM 193 Extra"]
[Source "ChessBase"]
[SourceDate "2020.01.31"]
[SourceVersion "1"]
[SourceVersionDate "2020.01.31"]
[SourceQuality "1"]

1. d4 g6 2. Nc3 Bg7 3. e4 c5 4. Nf3 cxd4 5. Nxd4 Nc6 6. Be3 Nf6 7. Be2 0-0 8. 0-0 d5 9. exd5 Nxd5 10. Nxd5 Qxd5 11. Bf3 Qc4 12. Nxc6 bxc6 13. c3 Bf5 14. Qb3 Qa6 15. Qb4 e5 16. Rfe1 Rab8 17. Qh4 Rxb2 18. Bh6 Bxh6 19. Qxh6 Rxa2 20. Rad1 Qb6 21. Rxe5 Qxf2+ 22. Kh1 Bg4 23. Qe3 Qxe3 24. Rxe3 Bxf3 25. Rxf3 Rc8 26. h3 Rc7 27. Kh2 a5 28. Rd8+ Kg7 29. h4 Ra7 30. h5 a4 31. Rh3 a3 32. h6+ Kf6 33. Rd6+ Ke7 34. Rxc6 Re2 35. Rf3 a2 0-1

[Event "Roncana op-A 13th"]
[Site "Santa Eulalia de Roncana"]
[Date "2019.10.05"]
[Round "2"]
[White "Alonso Gomez, Raul"]
[Black "Molina Figueroa, Antoni"]
[Result "1/2-1/2"]
[WhiteElo "1858"]
[BlackElo "2096"]
[PlyCount "32"]
[EventDate "2019.09.28"]
[EventType "swiss"]
[EventRounds "8"]
[EventCountry "ESP"]
[SourceTitle "CBM 193 Extra"]
[Source "ChessBase"]
[SourceDate "2020.01.31"]
[SourceVersion "1"]
[SourceVersionDate "2020.01.31"]
[SourceQuality "1"]

1. e4 c5 2. Nf3 Nc6 3. Bb5 Nd4 4. Bc4 d6 5. c3 Nxf3+ 6. Qxf3 Nf6 7. h3 e5 8. 0-0 Be7 9. d3 0-0 10. Bg5 Be6 11. Bxf6 Bxf6 12. Nd2 Qd7 13. a4 Bg5 14. Qe2 Bxd2 15. Bxe6 Qxe6 16. Qxd2 d5 1/2-1/2

[Event "Roncana op-A 13th"]
[Site "Santa Eulalia de Roncana"]
[Date "2019.09.28"]
[Round "1"]
[White "Fernandez Herrera, Aleix"]
[Black "Alonso Gomez, Raul"]
[Result "0-1"]
[WhiteElo "1601"]
[BlackElo "1858"]
[PlyCount "76"]
[EventDate "2019.09.28"]
[EventType "swiss"]
[EventRounds "8"]
[EventCountry "ESP"]
[SourceTitle "CBM 193 Extra"]
[Source "ChessBase"]
[SourceDate "2020.01.31"]
[SourceVersion "1"]
[SourceVersionDate "2020.01.31"]
[SourceQuality "1"]

1. e4 c5 2. Nc3 Nc6 3. f4 g6 4. Nf3 Bg7 5. Bb5 Nd4 6. 0-0 Nxb5 7. Nxb5 a6 8. Nc3 e6 9. d4 cxd4 10. Nxd4 d5 11. e5 Ne7 12. Qe1 Nc6 13. Be3 0-0 14. Rd1 Bd7 15. a3 Rc8 16. Nxc6 Bxc6 17. Bc5 Re8 18. Qf2 Qd7 19. Rfe1 Bb5 20. Ne4 Qc6 21. Nd6 Qxc5 22. Qxc5 Rxc5 23. Nxe8 Bxe8 24. c3 Bf8 25. Rd3 Rc4 26. Rf3 Bc6 27. b3 Re4 28. Rxe4 dxe4 29. Rg3 Bxa3 30. b4 a5 31. bxa5 Bc1 32. c4 Kf8 33. Kf1 Bxf4 34. Rb3 Ke7 35. Rb6 Be3 36. Rb3 Bd4 37. Ke2 Bxe5 38. g3 Kd6 0-1

[Event "Badalona Castella op-B 45th"]
[Site "Badalona"]
[Date "2019.08.09"]
[Round "8.3"]
[White "Picazo Palacios, Jose Maria"]
[Black "Alonso Gomez, Raul"]
[Result "1/2-1/2"]
[WhiteElo "1604"]
[BlackElo "1891"]
[PlyCount "71"]
[EventDate "2019.08.02"]
[EventType "swiss"]
[EventRounds "9"]
[EventCountry "ESP"]
[SourceTitle "EXT 2024"]
[Source "ChessBase"]
[SourceDate "2023.10.10"]
[SourceVersion "1"]
[SourceVersionDate "2023.10.10"]
[SourceQuality "1"]

1. d4 g6 2. c4 Bg7 3. Nc3 f5 4. g3 Nf6 5. Bg2 d6 6. Nh3 0-0 7. 0-0 e5 8. dxe5 dxe5 9. Qb3 c6 10. c5+ Kh8 11. Rd1 Qe7 12. Rd6 Na6 13. Be3 f4 14. gxf4 Bxh3 15. Bxh3 exf4 16. Bd4 Rad8 17. Rd1 Nd5 18. Nxd5 Qg5+ 19. Kf1 Bxd4 20. Rxd4 Rxd6 21. cxd6 Qe5 22. Re4 Qxe4 23. Qc3+ Kg8 24. Nf6+ Rxf6 25. f3 Qb1+ 26. Kf2 Rxd6 27. Qe5 Rd5 28. Be6+ Kf8 29. Qf6+ Ke8 30. Qf7+ Kd8 31. Qxb7 Ke8 32. Qxa6 Rh5 33. Qc8+ Ke7 34. Bh3 Kf7 35. Qe6+ Kf8 36. Qf6+ 1/2-1/2

[Event "Mem Vinas 15th A"]
[Site "Mataro"]
[Date "2019.06.15"]
[Round "6.5"]
[White "Capellades Subirana, Marc"]
[Black "Alonso Gomez, Raul"]
[Result "1-0"]
[WhiteElo "2193"]
[BlackElo "1879"]
[PlyCount "49"]
[EventDate "2019.05.04"]
[EventType "swiss"]
[EventRounds "8"]
[EventCountry "ESP"]
[SourceTitle "EXT 2024"]
[Source "ChessBase"]
[SourceDate "2023.10.10"]
[SourceVersion "1"]
[SourceVersionDate "2023.10.10"]
[SourceQuality "1"]

1. e4 c5 2. Nf3 d6 3. d4 cxd4 4. Nxd4 Nf6 5. Nc3 a6 6. Bg5 e6 7. Qf3 h6 8. Be3 Qc7 9. 0-0-0 Nbd7 10. Be2 b5 11. a3 Ne5 12. Qg3 Bd7 13. f4 Nc4 14. Bxc4 Qxc4 15. e5 Nd5 16. Nxd5 dxe5 17. Nb6 Qa2 18. Nxa8 exd4 19. Bxd4 Bd6 20. Bxg7 Rg8 21. Rxd6 Qa1+ 22. Kd2 Qxh1 23. Nb6 Qg1 24. Nxd7 Ke7 25. Rd3 1-0

[Event "Maresme op 15th"]
[Site "Maresme"]
[Date "2018.11.24"]
[Round "8"]
[White "Alonso Gomez, Raul"]
[Black "Gonzalez Moreno, Antoni"]
[Result "1-0"]
[WhiteElo "1909"]
[BlackElo "1706"]
[PlyCount "59"]
[EventDate "2018.09.29"]
[EventType "swiss"]
[EventRounds "9"]
[EventCountry "ESP"]
[SourceTitle "EXT 2024"]
[Source "ChessBase"]
[SourceDate "2023.10.10"]
[SourceVersion "1"]
[SourceVersionDate "2023.10.10"]
[SourceQuality "1"]

1. e4 c6 2. d4 d5 3. e5 Bf5 4. h4 h6 5. g4 Bh7 6. e6 fxe6 7. Bd3 Nf6 8. Bxh7 Nxh7 9. Qd3 Qd6 10. f4 Nf6 11. Nf3 Nbd7 12. Qg6+ Kd8 13. Ne5 Nxe5 14. fxe5 Qb4+ 15. c3 Qa5 16. exf6 exf6 17. b3 Qb5 18. Na3 Qa5 19. b4 Bxb4 20. cxb4 Qxb4+ 21. Kf2 Qxd4+ 22. Be3 Qc3 23. Nc2 e5 24. Rac1 Qa5 25. Qxg7 Re8 26. Qxb7 Rc8 27. Nb4 d4 28. Nxc6+ Rxc6 29. Qxc6 Qxa2+ 30. Kg3 1-0

[Event "Mataro Vinas Memorial 14th"]
[Site "Mataro"]
[Date "2018.06.09"]
[Round "9"]
[White "Alonso Gomez, Raul"]
[Black "Gomez Jurado, Luis Alberto"]
[Result "1/2-1/2"]
[WhiteElo "1912"]
[BlackElo "2242"]
[PlyCount "167"]
[EventDate "2018.04.07"]
[EventType "swiss"]
[EventRounds "9"]
[EventCountry "ESP"]
[SourceTitle "EXT 2019"]
[Source "ChessBase"]
[SourceDate "2018.10.10"]
[SourceVersion "1"]
[SourceVersionDate "2018.10.10"]
[SourceQuality "1"]

1. e4 c6 2. d4 d5 3. e5 Bf5 4. h4 h5 5. Bd3 Bxd3 6. Qxd3 e6 7. Nf3 Qa5+ 8. Nbd2 Qa6 9. c4 Nd7 10. 0-0 Ne7 11. Qc2 Nf5 12. cxd5 cxd5 13. Nb3 Be7 14. Bg5 Bxg5 15. hxg5 0-0 16. Qc7 Rfd8 17. g6 Rac8 18. Qa5 Qxa5 19. Nxa5 Rc2 20. Rfc1 Rdc8 21. Rxc2 Rxc2 22. Nxb7 fxg6 23. b4 Rc4 24. Nd6 Rxb4 25. Rc1 Nxd4 26. Rc8+ Nf8 27. Ng5 Ne2+ 28. Kf1 Nf4 29. Kg1 Ne2+ 30. Kf1 Nf4 31. Kg1 d4 32. Rd8 d3 33. Nde4 Rd4 34. Rxd4 Ne2+ 35. Kf1 Nxd4 36. Ke1 Nd7 37. f4 Kf8 38. Kd2 Ke7 39. Kxd3 Nc6 40. Kc4 Nb6+ 41. Kb5 Nd8 42. Ka6 Nd5 43. g3 Nb4+ 44. Kxa7 Nxa2 45. Kb6 Nc1 46. Kc7 Ne2 47. Nf3 Nf7 48. Nh4 Nh8 49. Kc6 Nd4+ 50. Kc7 Nf5 51. Nf3 Nf7 52. Kc6 N7h6 53. Ng1 Ng4 54. Ne2 Nge3 55. Kc7 Nf1 56. Kc6 Nh2 57. Ng1 Ne3 58. Ne2 Nf3 59. Kc7 g5 60. fxg5 Nxe5 61. Nd4 Nd5+ 62. Kc8 Ng6 63. Nc6+ Ke8 64. Nd6+ Kf8 65. Ne4 Nde7+ 66. Kc7 Nxc6 67. Kxc6 Ke7 68. Kc5 Ne5 69. Kd4 Ng4 70. Kc5 Kf7 71. Kd6 Nh2 72. g6+ Kxg6 73. Kxe6 Nf3 74. Nd6 Kg5 75. Kf7 g6 76. Ne4+ Kf5 77. Nd6+ Kg5 78. Ne4+ Kh6 79. Kf6 Nh2 80. Ke5 g5 81. Kf5 Nf1 82. Nxg5 Nxg3+ 83. Kf4 Ne2+ 84. Kf5 1/2-1/2

[Event "Mataro Vinas Memorial 14th"]
[Site "Mataro"]
[Date "2018.06.02"]
[Round "8"]
[White "Alonso Gomez, Raul"]
[Black "Llopis Jordan, Lluis"]
[Result "1-0"]
[WhiteElo "1912"]
[BlackElo "1755"]
[PlyCount "27"]
[EventDate "2018.04.07"]
[EventType "swiss"]
[EventRounds "9"]
[EventCountry "ESP"]
[SourceTitle "EXT 2019"]
[Source "ChessBase"]
[SourceDate "2018.10.10"]
[SourceVersion "1"]
[SourceVersionDate "2018.10.10"]
[SourceQuality "1"]

1. e4 c6 2. d4 d5 3. e5 Bf5 4. h4 c5 5. Bb5+ Bd7 6. a4 e6 7. c3 Qb6 8. Bxd7+ Nxd7 9. Nf3 g6 10. Qe2 c4 11. h5 0-0-0 12. a5 Qc7 13. hxg6 fxg6 14. Ng5 1-0

[Event "Mataro Vinas Memorial 14th"]
[Site "Mataro"]
[Date "2018.04.07"]
[Round "1"]
[White "Puig Vila, Esteve"]
[Black "Alonso Gomez, Raul"]
[Result "0-1"]
[WhiteElo "1472"]
[BlackElo "1912"]
[PlyCount "62"]
[EventDate "2018.04.07"]
[EventType "swiss"]
[EventRounds "9"]
[EventCountry "ESP"]
[SourceTitle "EXT 2019"]
[Source "ChessBase"]
[SourceDate "2018.10.10"]
[SourceVersion "1"]
[SourceVersionDate "2018.10.10"]
[SourceQuality "1"]

1. e4 c5 2. Nf3 d6 3. d4 cxd4 4. Nxd4 Nf6 5. Nc3 a6 6. Be2 e5 7. Nf3 Be6 8. 0-0 Be7 9. Bg5 Nbd7 10. h3 0-0 11. Bd3 b5 12. a3 Qc7 13. Qe2 Rac8 14. Rad1 Nb6 15. Rfe1 Rfd8 16. Be3 Nc4 17. Bxc4 Bxc4 18. Qd2 d5 19. exd5 Nxd5 20. Nxd5 Bxd5 21. Qc1 Qb7 22. Re2 Bxf3 23. gxf3 Qxf3 24. Rxd8+ Bxd8 25. Rd2 Qxh3 26. Qd1 Bf6 27. c3 h6 28. Rd7 Rc4 29. f3 Qg3+ 30. Kf1 Rh4 31. Ke2 Rh2+ 0-1

[Event "Maresme op 14th"]
[Site "Maresme"]
[Date "2017.11.04"]
[Round "5"]
[White "Alonso Gomez, Raul"]
[Black "Castillo Martinez, Aran"]
[Result "1/2-1/2"]
[WhiteElo "1926"]
[BlackElo "1755"]
[PlyCount "91"]
[EventDate "2017.09.30"]
[EventType "swiss"]
[EventRounds "9"]
[EventCountry "ESP"]
[SourceTitle "CBM 181 Extra"]
[Source "ChessBase"]
[SourceDate "2017.12.12"]
[SourceVersion "1"]
[SourceVersionDate "2017.12.12"]
[SourceQuality "1"]

1. d4 Nf6 2. Nc3 d5 3. Bg5 e6 4. e4 Be7 5. e5 Nfd7 6. h4 c5 7. Bxe7 Qxe7 8. Nb5 Kd8 9. Nf3 Nc6 10. c3 cxd4 11. cxd4 Qb4+ 12. Qd2 Qxd2+ 13. Kxd2 a6 14. Nc3 f6 15. Re1 Rf8 16. Bd3 f5 17. h5 h6 18. Ne2 Rg8 19. Nf4 Nf8 20. Ke3 Bd7 21. g3 Rc8 22. Rc1 Be8 23. Bxf5 exf5 24. Nxd5 Bf7 25. Nb6 Rc7 26. d5 Nb4 27. d6 Rc6 28. Rxc6 Nxc6 29. Kf4 Nd7 30. Nxd7 Kxd7 31. a3 Bd5 32. Re1 Bxf3 33. Kxf3 Ke6 34. Kf4 g5+ 35. hxg6 Rxg6 36. f3 h5 37. Rd1 Rg7 38. b3 Rd7 39. b4 b5 40. Rd2 Rh7 41. Rc2 Nd4 42. Rd2 Nc6 43. Rc2 Nd4 44. Rh2 Nc6 45. Rc2 Nd4 46. Rd2 1/2-1/2

[Event "Maresme op 14th"]
[Site "Maresme"]
[Date "2017.09.30"]
[Round "1"]
[White "Alonso Gomez, Raul"]
[Black "Mancha Cerezuela, Sergio"]
[Result "1-0"]
[WhiteElo "1926"]
[BlackElo "1508"]
[PlyCount "37"]
[EventDate "2017.09.30"]
[EventType "swiss"]
[EventRounds "9"]
[EventCountry "ESP"]
[SourceTitle "CBM 181 Extra"]
[Source "ChessBase"]
[SourceDate "2017.12.12"]
[SourceVersion "1"]
[SourceVersionDate "2017.12.12"]
[SourceQuality "1"]

1. Nf3 d5 2. b3 c5 3. Bb2 Nc6 4. e4 dxe4 5. Ng5 Nf6 6. Nc3 Bf5 7. Bc4 e6 8. Qe2 Nd4 9. Bb5+ Nd7 10. Qh5 Nxc2+ 11. Kf1 Bg6 12. Qg4 Nxa1 13. Bxa1 a6 14. Nxe6 fxe6 15. Qxe6+ Qe7 16. Bxd7+ Kd8 17. Qb6+ Kxd7 18. Qxb7+ Ke6 19. Qd5+ 1-0

[Event "Mataro Vinas Memorial 13th"]
[Site "Mataro"]
[Date "2017.05.27"]
[Round "5"]
[White "Moravich Casais, Juan Santiago"]
[Black "Alonso Gomez, Raul"]
[Result "0-1"]
[WhiteElo "2006"]
[BlackElo "1919"]
[PlyCount "80"]
[EventDate "2017.04.22"]
[EventType "swiss"]
[EventRounds "8"]
[EventCountry "ESP"]
[SourceTitle "CBM 187 Extra"]
[Source "ChessBase"]
[SourceDate "2018.11.04"]
[SourceVersion "1"]
[SourceVersionDate "2018.11.04"]
[SourceQuality "1"]

1. c4 f5 2. Nc3 Nf6 3. d4 e6 4. Qc2 d5 5. e3 c6 6. Bd3 Ne4 7. Nge2 Bd6 8. g3 Qe7 9. f3 Ng5 10. Rf1 Na6 11. a3 0-0 12. Bd2 c5 13. cxd5 cxd4 14. Nxd4 Nc5 15. Bc4 e5 16. Ndb5 Bd7 17. Nxd6 Qxd6 18. e4 h6 19. h4 Nh7 20. 0-0-0 Rac8 21. Bd3 Ba4 22. Qb1 Nxd3+ 23. Qxd3 Bxd1 24. Kxd1 Qb6 25. Kc2 fxe4 26. fxe4 Rxf1 27. Qxf1 Nf6 28. Qf5 Qc7 29. Qe6+ Kh8 30. Bxh6 Rd8 31. Bg5 Re8 32. Qf5 Rf8 33. Qe6 Nxe4 34. Be7 Rf2+ 35. Kd3 Nxc3 36. bxc3 Rf3+ 37. Ke2 Qxc3 38. Qg6 Qe3+ 39. Kd1 Rf1+ 40. Kc2 Rf2+ 0-1

[Event "Mataro Vinas Memorial 13th"]
[Site "Mataro"]
[Date "2017.05.13"]
[Round "3"]
[White "Roig Ruiz, Carles"]
[Black "Alonso Gomez, Raul"]
[Result "1/2-1/2"]
[WhiteElo "1789"]
[BlackElo "1919"]
[PlyCount "103"]
[EventDate "2017.04.22"]
[EventType "swiss"]
[EventRounds "8"]
[EventCountry "ESP"]
[SourceTitle "CBM 187 Extra"]
[Source "ChessBase"]
[SourceDate "2018.11.04"]
[SourceVersion "1"]
[SourceVersionDate "2018.11.04"]
[SourceQuality "1"]

1. d4 d5 2. c4 dxc4 3. Nf3 a6 4. e3 Bg4 5. Bxc4 e6 6. Qb3 Bxf3 7. gxf3 b5 8. Be2 c5 9. a4 b4 10. dxc5 Bxc5 11. Nd2 Nf6 12. Nc4 0-0 13. Bd2 Nc6 14. Rc1 Qe7 15. Rg1 Rfd8 16. a5 Nd5 17. Qa4 Nb8 18. Rg4 h5 19. Rg2 Nd7 20. e4 N5f6 21. Rg5 Rab8 22. Ne5 Nxe5 23. Rxe5 Bxf2+ 24. Kxf2 Rxd2 25. Rec5 Rxb2 26. Qa1 Rd2 27. Qe5 Rbd8 28. Rc7 Qe8 29. Qc5 b3 30. Ke3 b2 31. Rb1 Qa4 32. Rc8 Qb3+ 33. Qc3 Qxc3+ 34. Rxc3 Ne8 35. Bxa6 Rxh2 36. Be2 Ra8 37. a6 Nd6 38. Rxb2 Rh1 39. Rb6 Nc8 40. Rbc6 Na7 41. Rc7 h4 42. Rc1 Rxc1 43. Rxc1 g5 44. f4 gxf4+ 45. Kxf4 Kg7 46. Rg1+ Kf6 47. e5+ Ke7 48. Rb1 Rd8 49. Bf3 Rd7 50. Kg4 f6 51. exf6+ Kxf6 52. Kxh4 1/2-1/2

[Event "Badalona op-B 42nd"]
[Site "Badalona"]
[Date "2016.08.10"]
[Round "9"]
[White "Petit Montes, Marc"]
[Black "Alonso Gomez, Raul"]
[Result "0-1"]
[WhiteElo "1770"]
[BlackElo "1876"]
[PlyCount "132"]
[EventDate "2016.08.02"]
[EventType "swiss"]
[EventRounds "9"]
[EventCountry "ESP"]
[SourceTitle "CBM 174 Extra"]
[Source "ChessBase"]
[SourceDate "2016.10.10"]
[SourceVersion "1"]
[SourceVersionDate "2016.10.10"]
[SourceQuality "1"]

1. b3 d5 2. e3 c6 3. Bb2 e6 4. f4 Nf6 5. Nf3 a5 6. a4 Nbd7 7. Be2 Qb6 8. Ne5 Be7 9. Bf3 Nf8 10. Qe2 Ng6 11. 0-0 Nxf4 12. Qf2 Ng6 13. d3 Bd6 14. Ng4 Nxg4 15. Bxg4 0-0 16. Nd2 Qc7 17. h3 Be5 18. d4 Bd6 19. c4 e5 20. Bxc8 Raxc8 21. Rac1 Qe7 22. Qf5 Nh4 23. Qd3 Qg5 24. Qe2 e4 25. Rfd1 Qg3 26. Nf1 Qg5 27. Bc3 b6 28. c5 bxc5 29. dxc5 Bc7 30. Rc2 Nf3+ 31. Kh1 Ne5 32. Qa6 Ra8 33. Qb7 Rfc8 34. Rf2 Nd3 35. Rc2 Qf5 36. Qxc6 Nf2+ 37. Rxf2 Qxf2 38. Qxd5 Rd8 39. Qg5 f6 40. Qg4 Rd3 41. Bd4 Rxd1 42. Qxd1 Rb8 43. Nd2 Qg3 44. Nf1 Qf2 45. Nd2 Rd8 46. Nxe4 Qh4 47. Nd6 Bxd6 48. cxd6 Rxd6 49. Qc2 Rd8 50. Qc4+ Kh8 51. Qc7 Qe1+ 52. Kh2 Rg8 53. Bc3 Qxe3 54. Qxa5 Qf4+ 55. Kg1 Rc8 56. Bd2 Qe4 57. Qb6 h5 58. Bb4 Rc2 59. Qb8+ Kh7 60. Qg3 Rc1+ 61. Kh2 Qxb4 62. Qd3+ Kg8 63. Qd8+ Kf7 64. Qd5+ Ke7 65. Qf3 Qd6+ 66. g3 Qd2+ 0-1

[Event "Badalona op-B 42nd"]
[Site "Badalona"]
[Date "2016.08.09"]
[Round "8"]
[White "Palacios Pena, Gerardo"]
[Black "Alonso Gomez, Raul"]
[Result "0-1"]
[WhiteElo "1900"]
[BlackElo "1876"]
[PlyCount "27"]
[EventDate "2016.08.02"]
[EventType "swiss"]
[EventRounds "9"]
[EventCountry "ESP"]
[SourceTitle "CBM 174 Extra"]
[Source "ChessBase"]
[SourceDate "2016.10.10"]
[SourceVersion "1"]
[SourceVersionDate "2016.10.10"]
[SourceQuality "1"]

1. d4 f5 2. e4 fxe4 3. Nc3 Nf6 4. Bg5 Nc6 5. f3 e5 6. dxe5 Nxe5 7. Nxe4 Be7 8. Qd4 Nxe4 9. Qxe5 Nxg5 10. Qxg7 Bf6 11. Qh6 Qe7+ 12. Be2 d6 13. h4 Nf7 14. Qh5 0-1

[Event "Badalona op-B 42nd"]
[Site "Badalona"]
[Date "2016.08.08"]
[Round "7"]
[White "Alonso Gomez, Raul"]
[Black "Cano Sevila, Ivan"]
[Result "1-0"]
[WhiteElo "1876"]
[BlackElo "1890"]
[PlyCount "79"]
[EventDate "2016.08.02"]
[EventType "swiss"]
[EventRounds "9"]
[EventCountry "ESP"]
[SourceTitle "CBM 174 Extra"]
[Source "ChessBase"]
[SourceDate "2016.10.10"]
[SourceVersion "1"]
[SourceVersionDate "2016.10.10"]
[SourceQuality "1"]

1. e4 c5 2. Nc3 g6 3. g3 Bg7 4. Bg2 Nc6 5. d3 d6 6. Be3 Nf6 7. Qd2 a6 8. Bh6 0-0 9. Bxg7 Kxg7 10. Nge2 Rb8 11. 0-0 Bd7 12. Nf4 e6 13. h4 h6 14. Nd1 b5 15. Ne3 a5 16. c3 a4 17. d4 cxd4 18. cxd4 Qb6 19. d5 Ne5 20. Rfd1 Nc4 21. Nxc4 bxc4 22. dxe6 Bxe6 23. Nxe6+ fxe6 24. Rab1 Ng4 25. Rf1 Kh7 26. Bh3 Ne5 27. Bg2 Qc5 28. Kh1 a3 29. b4 cxb3 30. axb3 Qb4 31. Qe3 Nc4 32. bxc4 Qxb1 33. Rxb1 Rxb1+ 34. Kh2 Ra8 35. e5 a2 36. Bxa8 a1Q 37. Be4 Re1 38. Qf4 Qxe5 39. Qf7+ Qg7 40. Bxg6+ 1-0

[Event "Badalona op-B 42nd"]
[Site "Badalona"]
[Date "2016.08.06"]
[Round "5"]
[White "Alonso Gomez, Raul"]
[Black "Colom Andres, Xavier"]
[Result "0-1"]
[WhiteElo "1876"]
[BlackElo "1790"]
[PlyCount "46"]
[EventDate "2016.08.02"]
[EventType "swiss"]
[EventRounds "9"]
[EventCountry "ESP"]
[SourceTitle "CBM 174 Extra"]
[Source "ChessBase"]
[SourceDate "2016.10.10"]
[SourceVersion "1"]
[SourceVersionDate "2016.10.10"]
[SourceQuality "1"]

1. g3 d5 2. f4 Nf6 3. Bg2 c5 4. Nf3 Nc6 5. d3 Bg4 6. Nbd2 Qc7 7. c3 e5 8. fxe5 Nxe5 9. 0-0 Bd6 10. Qc2 0-0 11. Nxe5 Bxe5 12. Nf3 Bd6 13. Bg5 Nd7 14. Rae1 h6 15. Bc1 Rae8 16. Nh4 c4 17. Bxd5 Qc5+ 18. d4 Qxd5 19. e4 Qc6 20. e5 Be7 21. Nf5 Bg5 22. Nd6 Bh3 23. Rf2 Qxd6 0-1

[Event "Badalona op-B 42nd"]
[Site "Badalona"]
[Date "2016.08.04"]
[Round "3"]
[White "Alonso Gomez, Raul"]
[Black "Arroyo Mateo, Jose Miguel"]
[Result "1/2-1/2"]
[WhiteElo "1876"]
[BlackElo "1736"]
[PlyCount "66"]
[EventDate "2016.08.02"]
[EventType "swiss"]
[EventRounds "9"]
[EventCountry "ESP"]
[SourceTitle "CBM 174 Extra"]
[Source "ChessBase"]
[SourceDate "2016.10.10"]
[SourceVersion "1"]
[SourceVersionDate "2016.10.10"]
[SourceQuality "1"]

1. e4 c5 2. b4 e5 3. Bb2 cxb4 4. a3 Nf6 5. Bd3 Nc6 6. Nf3 d5 7. Nxe5 Nxe5 8. Bxe5 dxe4 9. Bb5+ Bd7 10. Bxf6 gxf6 11. Qe2 f5 12. axb4 Bxb4 13. Qc4 Be7 14. Qd5 Bxb5 15. Qxb5+ Qd7 16. Qe5 f6 17. Qf4 Bd6 18. Qh6 Be5 19. Nc3 a6 20. Qh5+ Ke7 21. Rb1 Bf4 22. 0-0 Rag8 23. d3 Rg5 24. Qe2 Qc7 25. Nxe4 fxe4 26. Qxe4+ Kf8 27. g3 b5 28. Qa8+ Kg7 29. Qxa6 Bxg3 30. hxg3 Rxg3+ 31. fxg3 Qxg3+ 32. Kh1 Qh3+ 33. Kg1 Qg3+ 1/2-1/2

[Event "Malgrat del Mar op"]
[Site "Malgrat del Mar"]
[Date "1997.04.26"]
[Round "6"]
[White "Alonso Gomez, Raul"]
[Black "Granados Gomez, Manuel"]
[Result "0-1"]
[WhiteElo "1880"]
[BlackElo "2400"]
[PlyCount "54"]
[EventDate "1997.??.??"]
[EventType "swiss"]
[EventRounds "9"]
[EventCountry "ESP"]
[SourceTitle "EXT 2003"]
[Source "ChessBase"]
[SourceDate "2002.11.25"]
[SourceVersion "1"]
[SourceVersionDate "2002.11.25"]
[SourceQuality "1"]

1. d4 Nf6 2. Nf3 d5 3. c4 c6 4. Nc3 e6 5. Bg5 dxc4 6. e4 b5 7. e5 h6 8. Bh4 g5 9. exf6 gxh4 10. Ne5 Qxf6 11. Be2 Nd7 12. Nxc6 Bb7 13. Bf3 a6 14. 0-0 Rc8 15. d5 Bxc6 16. dxc6 Ne5 17. Kh1 Nxc6 18. Re1 Be7 19. Ne4 Qd4 20. Qe2 Qg7 21. Bh5 0-0 22. Rad1 Rfd8 23. Rxd8+ Rxd8 24. Nc3 Nb4 25. Qe4 Nd3 26. Re2 b4 27. Nd1 Nf4 0-1